000
00221nam a22000977a 4500
003
SGT
082
_a
346.095 4,BAR
245
_a
INDIAN TRUST ACT,1882 (2 OF 1882)
260
_a
NEW DELHI
_b
EASTERN BOOK
_c
2015
942
_2
ddc
_c
BK
999
_c
11663
_d
11663